01245cem a22002051 450000500170000000800410001704000400005804100080009804400070010608200140011324500240012726000460015130000540019750502630025194200200051499900150053495201780054995201560072795201560088320151107105633.0760220m19691970sp e spa  aDLCcGUdCNEdOCoLCdDLCdCo-BOIAVH aspa asp00a912bA28a00aGran atlas Aguilar. aMadrid:bAguilar S.A. de Edicionesc1970. a1 atlas (3 v.) :bmapas a colorc51 centímetros0 av. 1 Europa, norte de Asia. -- v. 2. Sur de Asia, África, Oceanía, América, mapas generales, mapas temáticos. -- v. 3. Índice de topónimos, sistemas de transcripción, abreviaturas utilizadas en los mapas, relación de términos geográficos. 2ddccReferencia c1751d1751 00102ddc40708REFERENCIAIINV2017aBogotabBogotad1998-01-15ewww.todocoleccion.netl0oRF-918p003781r2012-12-04 00:00:00tV.1 Ej.1w2012-12-04xDonaciónyReferencia 00102ddc40708REFERENCIAaBogotabBogotad1998-01-15eInderenal0oRF-918p003780r2012-12-04 00:00:00tV.2 Ej.1w2012-12-04xDonaciónyReferencia 00102ddc40708REFERENCIAaBogotabBogotad1998-01-15eInderenal0oRF-918p003782r2012-12-04 00:00:00tV.3 Ej.1w2012-12-04xDonaciónyReferencia